| 000 | 01129cam a2200373 a 4500 | ||
|---|---|---|---|
| 001 | 15996833 | ||
| 003 | NUST | ||
| 005 | 20220606105156.0 | ||
| 008 | 091125s2009 enk b 001 0 eng c | ||
| 010 | _a 2009529865 | ||
| 015 |
_aGBA957228 _2bnb |
||
| 016 | 7 |
_a015286947 _2Uk |
|
| 020 | _a9781846680380 (pbk.) | ||
| 020 | _a1846680387 (pbk.) | ||
| 035 | _a(OCoLC)ocn390811180 | ||
| 038 | _aArshad | ||
| 040 |
_aUKM _cUKM _dBWK _dEMU _dTXA _dDLC |
||
| 042 | _apcc | ||
| 050 | 0 | 0 |
_aBD638 _b.H583 2009 |
| 082 | 0 | 0 |
_a115 _bHOF |
| 100 | 1 |
_aHoffman, Eva, _d1945- _992000 |
|
| 245 | 1 | 0 |
_aTime / _cEva Hoffman. |
| 260 |
_aLondon : _bProfile Books, _c2009. |
||
| 300 |
_a216 p. ; _c22 cm. |
||
| 490 | 1 | _aBig ideas | |
| 504 | _aIncludes bibliographical references (p. 197-207) and index. | ||
| 563 | _aHBK | ||
| 650 | 0 |
_aTime. _911242 |
|
| 650 | 0 |
_aTime in literature. _992001 |
|
| 830 | 0 |
_aBig ideas (London, England) _992002 |
|
| 906 |
_a7 _bcbc _cpccadap _d2 _encip _f20 _gy-gencatlg |
||
| 942 |
_2ddc _cBK |
||
| 999 |
_c590116 _d590116 |
||